Voľby 1998 - výsledky a dôsledky (alebo skok do priepasti)

Bibliographic Details
Main Author: EREFEM (Author)
Format: Article
Language:Slovak
ISSN:1335-3470
Subjects:

MARC

LEADER 00000nab a2200000 a 4500
001 vtls000675943
003 SK-MaSNL
005 20260304093723.0
008 250425c1998 xo 0 slo
015 |a SNBRB1998/10-29380 
035 |a CLN000028115 
035 |a urn:nbn:sk:snk-ab9530 
035 |a (urnnbn)urn:nbn:sk:snk:ar-006vgr 
035 |a (uuid)cfb9b3fd-98bc-4878-a251-5ab441e22e3b 
040 |a SNKBUCL  |b slo  |c SNKBUCL  |e AACR2 
041 0 |a slo 
044 |a xo  |c SK 
080 |a 324(437.6):328.1  |2 1997 
100 1 |a EREFEM  |4 aut  |9 889398 
245 1 0 |a Voľby 1998 - výsledky a dôsledky  |b (alebo skok do priepasti)  |c EREFEM 
500 |a Pokračovanie z predchádzajúceho čísla 
650 0 7 |a parlamentné voľby  |z Slovensko  |y 1998  |2 snkbucl  |9 13305 
655 7 |a články z novín a časopisov  |2 snkbucl  |9 267496 
773 0 |t Kultúra  |g Roč. 1, č. 20 (1998), s. 3  |x 1335-3470 
850 |a Slovenská národná knižnica 
852 |a Slovenská národná knižnica 
954 |a odborná, vedecká literatúra pôvodná (slovenská)  |2 lita 
958 |a article13 
958 |a OND 
958 |a SK 
958 |a EUIPO 
992 |a RBX 
999 |c 2824331  |d 2826261